01346nab a2200217uuc4500001000800000005001700008008004100025035001200066040001300078041000800091100004200099245009300141520048500234650002700719650006700746650002600813650004300839700003900882773014700921856006001068154200420260420153058.0200218e20180705 spa  a1542004 ccomduadb aspa10aJaramillo Ocampo, Nicolás4auteaut13aLa transformación de la revista Actualidades biológicas en la era del acceso abierto3 aLa revista Actualidades Biológicas (Actual. Biol.), en sus 46 años de existencia, no ha sido ajena a las transformaciones de las publicaciones científicas. Consecuente con las dinámicas editoriales actuales y con las políticas de acceso abierto de la UdeA, el Comité Editorial inició, desde hace un año y medio, una transformación que comienza con la publicación digital de la revista en la plataforma Open Journal Systems (OJS; Public Knowledge Project 2014). 7aAcceso abierto2armarc aActualidades biológicas (Revista) - Universidad de Antioquia aColecciones digitales aPublicaciones científicas - Colombia10aLópez Alzate, Mónica4auteaut0 tActualidades Biológicas (Medellín)gVolumen 40, Número 109, Julio-Diciembre de 2018, 119-122w(CO-MdUADB)6024x0304-358403627o010687824 uhttp://bibliotecadigital.udea.edu.co/handle/10495/13433